[Event "HUN-chT BAZ megyei CSB 2223"]
[Site "Hungary"]
[Date "2023.03.19"]
[Round "8.3"]
[White "Gyorgy, Balazs"]
[Black "Repassy, Attila"]
[Result "0-1"]
[WhiteElo "1299"]
[BlackElo "1848"]
[PlyCount "115"]
[EventDate "2022.09.25"]
[EventType "team-tourn"]
[EventRounds "9"]
[EventCountry "HUN"]
[SourceTitle "EXT 2025"]
[Source "ChessBase"]
[SourceDate "2024.10.14"]
[SourceVersion "1"]
[SourceVersionDate "2024.10.14"]
[SourceQuality "1"]
[WhiteTeam "DVTK III"]
[BlackTeam "Hidasnemeti VSC"]
[WhiteTeamCountry "HUN"]
[BlackTeamCountry "HUN"]

1. e4 e5 2. Bc4 Nc6 3. d3 Nf6 4. Nc3 Bb4 5. Bd2 d6 6. h3 0-0 7. Nge2 Na5 8. Bb3 Nxb3 9. axb3 Be6 10. 0-0 Nd7 11. f4 f5 12. Rf3 g6 13. Qe1 Nf6 14. Ra4 Bc5+ 15. Kh1 c6 16. Ng3 fxe4 17. Ncxe4 Nxe4 18. Nxe4 Bb6 19. Ng5 Bd5 20. Rf1 Qd7 21. c4 h6 22. cxd5 hxg5 23. Qg3 Qf5 24. dxc6 bxc6 25. Qf3 gxf4 26. Qxc6 Qxd3 27. Qc4+ Qxc4 28. bxc4 Rac8 29. b3 g5 30. Ba5 Bd4 31. Bb4 Rc6 32. Rc1 Re8 33. Bc3 Bb6 34. Ba5 Be3 35. Rd1 Rb8 36. Bb4 Bd4 37. Kh2 Rcb6 38. Ba3 Rxb3 39. Bxd6 Rc8 40. c5 Rb7 41. Rc1 Rc6 42. Ra2 Kf7 43. Ra4 Ke6 44. Re1 Kf5 45. Rc4 Rh7 46. Re2 g4 47. Re1 Rh6 48. Ra4 Rh7 49. Rc1 f3 50. gxf3 Rxh3+ 51. Kg2 Rxf3 52. Rxa7 Rxd6 53. cxd6 Bxa7 54. Rc7 Bb6 55. Rc6 Ba5 56. Rc5 Rd3 57. Rxa5 Rxd6 58. Ra8 0-1

[Event "HUN-chT BAZ megyei CSB 2223"]
[Site "Hungary"]
[Date "2023.02.26"]
[Round "7.3"]
[White "Gabor, Aron"]
[Black "Repassy, Attila"]
[Result "1-0"]
[WhiteElo "1671"]
[BlackElo "1863"]
[PlyCount "63"]
[EventDate "2022.09.25"]
[EventType "team-tourn"]
[EventRounds "9"]
[EventCountry "HUN"]
[SourceTitle "EXT 2025"]
[Source "ChessBase"]
[SourceDate "2024.10.14"]
[SourceVersion "1"]
[SourceVersionDate "2024.10.14"]
[SourceQuality "1"]
[WhiteTeam "Tiszaujvaros"]
[BlackTeam "Hidasnemeti VSC"]
[WhiteTeamCountry "HUN"]
[BlackTeamCountry "HUN"]

1. e4 c5 2. Nf3 Nc6 3. b3 e6 4. Bb2 d5 5. exd5 exd5 6. Be2 d4 7. 0-0 Nf6 8. Bc4 Be7 9. d3 0-0 10. h3 a6 11. a4 Qd6 12. Nbd2 Bf5 13. Nh4 Be6 14. Nhf3 Nd5 15. Ne4 Qd7 16. a5 Nf4 17. Re1 Bxh3 18. g3 Ne6 19. Nh2 Bf5 20. Qe2 Rfe8 21. f4 Qc7 22. Qf3 Nxa5 23. Bxe6 Bxe6 24. f5 Bd5 25. Ng4 Bxe4 26. dxe4 Bd6 27. Kg2 Nc6 28. f6 Ne5 29. Qf5 Qd7 30. fxg7 Re6 31. Rh1 Kxg7 32. Rxh7+ 1-0

[Event "HUN-chT BAZ megyei CSB 2122"]
[Site "Hungary"]
[Date "2022.03.27"]
[Round "9.3"]
[White "Repassy, Attila"]
[Black "Szabo, Akos"]
[Result "1/2-1/2"]
[WhiteElo "1889"]
[BlackElo "1756"]
[PlyCount "26"]
[EventDate "2021.10.17"]
[EventType "team-tourn"]
[EventRounds "9"]
[EventCountry "HUN"]
[SourceTitle "EXT 2025"]
[Source "ChessBase"]
[SourceDate "2024.10.14"]
[SourceVersion "1"]
[SourceVersionDate "2024.10.14"]
[SourceQuality "1"]
[WhiteTeam "Hidasnemeti VSC"]
[BlackTeam "DVTK II"]
[WhiteTeamCountry "HUN"]
[BlackTeamCountry "HUN"]

1. Nf3 d5 2. g3 Nf6 3. Bg2 e6 4. 0-0 Be7 5. d4 0-0 6. b3 Nbd7 7. c4 b6 8. Bb2 Bb7 9. Nbd2 c5 10. e3 Rc8 11. Rc1 Rc7 12. Rc2 Qb8 13. Qa1 Rcc8 1/2-1/2

[Event "HUN-chT BAZ megyei CSB 2122"]
[Site "Hungary"]
[Date "2022.03.06"]
[Round "8.3"]
[White "Laszlo, Zoltan"]
[Black "Repassy, Attila"]
[Result "1/2-1/2"]
[WhiteElo "1860"]
[BlackElo "1889"]
[PlyCount "119"]
[EventDate "2021.10.17"]
[EventType "team-tourn"]
[EventRounds "9"]
[EventCountry "HUN"]
[SourceTitle "EXT 2025"]
[Source "ChessBase"]
[SourceDate "2024.10.14"]
[SourceVersion "1"]
[SourceVersionDate "2024.10.14"]
[SourceQuality "1"]
[WhiteTeam "DVTK III"]
[BlackTeam "Hidasnemeti VSC"]
[WhiteTeamCountry "HUN"]
[BlackTeamCountry "HUN"]

1. d4 f5 2. e4 fxe4 3. Nc3 Nf6 4. Bg5 g6 5. Bc4 Bg7 6. h4 c6 7. h5 d5 8. h6 Bf8 9. Bb3 Qd6 10. Qd2 Nbd7 11. 0-0-0 b6 12. Bf4 Qe6 13. f3 exf3 14. Nxf3 Ba6 15. Ng5 Qf5 16. Rh4 Nh5 17. Be3 Ndf6 18. Nf3 0-0-0 19. Ne5 Qe6 20. g4 Ng3 21. g5 Nd7 22. Bf4 Nf5 23. Rh2 Nxe5 24. Bxe5 Rg8 25. Re1 Qd7 26. Ne4 Re8 27. Ng3 Nxg3 28. Bxg3 e6 29. Qf4 Kd8 30. Qb8+ Bc8 31. Rf2 Be7 32. Qe5 Rgf8 33. Bf4 Rf5 34. Qe3 Ref8 35. Rg1 Ke8 36. c4 Qd8 37. cxd5 exd5 38. Bc2 R5f7 39. Bg3 Bf5 40. Bxf5 Rxf5 41. Rxf5 Rxf5 42. Bf4 Kf7 43. Kb1 c5 44. Re1 Qd7 45. Re2 a5 46. b3 Bf8 47. Re1 c4 48. Be5 Be7 49. Bf4 b5 50. Re2 b4 51. Rc2 Qc6 52. Re2 Bd8 53. Re1 c3 54. Kc2 Qd7 55. Re2 Kf8 56. Bd6+ Kf7 57. Bf4 Be7 58. Re1 Ke8 59. Re2 Rf7 60. Kc1 1/2-1/2

[Event "HUN-chT BAZ megyei CSB 2122"]
[Site "Hungary"]
[Date "2021.10.17"]
[Round "1.3"]
[White "Petyko, Zoltan"]
[Black "Repassy, Attila"]
[Result "1-0"]
[WhiteElo "2152"]
[BlackElo "1935"]
[PlyCount "51"]
[EventDate "2021.10.17"]
[EventType "team-tourn"]
[EventRounds "9"]
[EventCountry "HUN"]
[SourceTitle "EXT 2025"]
[Source "ChessBase"]
[SourceDate "2024.10.14"]
[SourceVersion "1"]
[SourceVersionDate "2024.10.14"]
[SourceQuality "1"]
[WhiteTeam "Ozdi Sakk SE"]
[BlackTeam "Hidasnemeti VSC"]
[WhiteTeamCountry "HUN"]
[BlackTeamCountry "HUN"]

1. e4 c5 2. Nc3 Nc6 3. g3 g6 4. Bg2 Bg7 5. d3 Nf6 6. Be3 d6 7. h3 Qb6 8. Rb1 0-0 9. Qd2 Nd4 10. Nce2 e5 11. c3 Nxe2 12. Nxe2 Qa5 13. b4 cxb4 14. cxb4 Qd8 15. f4 Ne8 16. d4 Bd7 17. dxe5 f5 18. exf6 Nxf6 19. 0-0 Bc6 20. b5 Qe7 21. bxc6 bxc6 22. Nc3 Rae8 23. Bf2 Qc7 24. Qd3 Qa5 25. Rb7 Qa3 26. Rxa7 1-0

[Event "HUN-chT 1516 BAZ II Gavel"]
[Site "Hungary"]
[Date "2016.02.06"]
[Round "5"]
[White "Repassy, Attila"]
[Black "Veres, Istvan"]
[Result "1/2-1/2"]
[WhiteElo "1919"]
[BlackElo "1828"]
[PlyCount "35"]
[EventDate "2015.09.27"]
[EventType "team-tourn"]
[EventRounds "7"]
[EventCountry "HUN"]
[SourceTitle "EXT 2025"]
[Source "ChessBase"]
[SourceDate "2024.10.14"]
[SourceVersion "1"]
[SourceVersionDate "2024.10.14"]
[SourceQuality "1"]
[WhiteTeam "HVSC"]
[BlackTeam "Szendro Varosi"]
[WhiteTeamCountry "HUN"]
[BlackTeamCountry "HUN"]

1. c4 e5 2. Nc3 Nf6 3. e3 c5 4. g3 Nc6 5. Bg2 d6 6. Nge2 Be6 7. d3 Qd7 8. 0-0 Bh3 9. d4 Bxg2 10. Kxg2 b6 11. d5 Ne7 12. e4 h5 13. h3 h4 14. g4 Ng6 15. f4 exf4 16. Bxf4 Be7 17. Nc1 Nh7 18. N1e2 1/2-1/2

[Event "HUN-chT 1516 BAZ II Gavel"]
[Site "Hungary"]
[Date "2015.11.15"]
[Round "2"]
[White "Galko, Tibor"]
[Black "Repassy, Attila"]
[Result "1/2-1/2"]
[WhiteElo "1866"]
[BlackElo "1921"]
[PlyCount "20"]
[EventDate "2015.09.27"]
[EventType "team-tourn"]
[EventRounds "7"]
[EventCountry "HUN"]
[SourceTitle "EXT 2025"]
[Source "ChessBase"]
[SourceDate "2024.10.14"]
[SourceVersion "1"]
[SourceVersionDate "2024.10.14"]
[SourceQuality "1"]
[WhiteTeam "Edelenyi VSE III"]
[BlackTeam "HVSC"]
[WhiteTeamCountry "HUN"]
[BlackTeamCountry "HUN"]

1. e4 d5 2. exd5 Nf6 3. Nc3 Nxd5 4. Nxd5 Qxd5 5. Qf3 e6 6. g3 Bd7 7. Qxd5 exd5 8. Bg2 c6 9. Nf3 Bd6 10. d4 0-0 1/2-1/2